000 01342 a2200241 4500
003 Nust
005 20221123125829.0
010 _a 75005661
020 _a0138216037
040 _cNust
082 0 0 _a621.381,ZIE
100 1 _aVan der Ziel, Aldert,
_9103417
245 1 0 _aSolid state physical electronics /
_cAldert van der Ziel.
250 _a3rd ed.
260 _aEnglewood Cliffs, N.J. :
_bPrentice Hall,
_c[1976]
300 _axiii, 528 p. :
_bill. ;
_c24 cm.
490 0 _aSolid state physical electronics series
505 _aStructure of the Sold State (Page-1), Wave Mechanics (Page-11), Statistics (Page-41), Band Theory of Solids (Page-59)m Semiconductors (Page-90), Semiconductor Electronics (Page-121), Thermionic Emission and Emission (Page-152), Application of thermionic Emission (Page-169), Photoemission (Page-184), Secondary Electron Emission (Page-202), Photoconductivity (Page-221), Luminescence (Page-239), Application (Page-261), Metal- Semiconductor Diodes (Page-283), PN Junction Diodes (Page-310), Transistors (Page-353), Application (Page-395), Field Effect Transistors (Page-436), Miscellaneous Semiconductors Devices (Page-464), Miscellaneous Semiconductor Problems (Page-485).
650 0 _aSemiconductors.
_911016
650 0 _aSolids.
650 0 _aTelecommunication Engineering
942 _2ddc
_cBK
999 _c181591
_d181591